La biblia desde la arqueología
Saved in:
| Hovedforfatter: | |
|---|---|
| Format: | Bog |
| Sprog: | spansk |
| Udgivet: |
Pamplona
Verbo Divino
2010
|
| Serier: | Qué se Sabe de, 3
|
| Fag: | |
| Tags: |
Tilføj Tag
Ingen Tags, Vær først til at tagge denne postø!
|
MARC
| LEADER | 00000cam a2200000 a 4500 | ||
|---|---|---|---|
| 001 | UCG6539 | ||
| 003 | CL-VaPUC | ||
| 008 | 110428e20100000SP |||||||||||||||||spa|d | ||
| 020 | |a 9788499450117 | ||
| 082 | 0 | 4 | |a 220.93 |b GON |2 21 |
| 100 | |a González Echegaray, Joaquín |e author |9 603534 | ||
| 245 | 1 | 3 | |a La biblia desde la arqueología |
| 300 | |a 289 p | ||
| 942 | |c BK | ||
| 945 | |d 20110428 00:00:00 |a jcampos | ||
| 260 | |a Pamplona |b Verbo Divino |c 2010 | ||
| 650 | 0 | |a Arqueología bíblica |9 317810 | |
| 650 | 0 | |a Arqueología cristiana |9 325609 | |
| 650 | 0 | |a Textos sagrados |9 257605 | |
| 650 | 0 | |a Biblia |9 257603 | |
| 583 | |a last modification |c 20130423 01:45:21 |k Rodrigo Vera | ||
| 490 | 0 | |a Qué se Sabe de, 3 | |
| 999 | |c 344737 |d 344735 | ||
| 952 | |0 0 |1 0 |4 0 |6 220_930000000000000_GON_2010 |7 0 |8 A |9 442906 |a BIBTEO |b BIBTEO |d 2019-11-22 |i 4771257 |l 2 |o 220.93 GON 2010 |p 4771257 |r 2025-01-17 |s 2022-11-09 |w 2019-11-22 |y BK |k ICR | ||
| 952 | |0 0 |1 0 |4 0 |6 220_930000000000000_GON_2010 |7 0 |8 A |9 442907 |a BIBTEO |b BIBTEO |d 2019-11-22 |i 4967577 |o 220.93 GON 2010 |p 4967577 |r 2025-01-17 |w 2019-11-22 |y BK |k ICR | ||